[Event "Stay Safe Play From Home 396"]
[Site "Emanuel Lasker Arena"]
[Date "2020.08.19"]
[Round "5"]
[White "Dukic"]
[Black "Tunca"]
[Result "0-1"]
[WhiteElo "1732"]
[BlackElo "1750"]
[Annotator "NA RC"]
[PlyCount "82"]
[EventDate "2020.08.19"]
[EventType "swiss (blitz)"]

1. c4 {[%emt 0:00:07]} d6 {[%emt 0:00:02]} 2. Nc3 {[%emt 0:00:02]} e5 {[%emt 0:00:01]} 3. Nf3 {[%emt 0:00:02]} f5 {[%emt 0:00:00]} 4. d4 {[%emt 0:00:02]} e4 {[%emt 0:00:05]} 5. Ng5 {[%emt 0:00:02]} Be7 {[%emt 0:00:03]} 6. Nh3 {[%emt 0:00:01]} Nf6 {[%emt 0:00:07]} 7. g3 {[%emt 0:00:01]} O-O {[%emt 0:00:21]} 8. Bg2 {[%emt 0:00:02]} Qe8 {[%emt 0:00:15]} 9. O-O {[%emt 0:00:02]} c6 {[%emt 0:00:45]} 10. d5 {[%emt 0:00:04]} c5 {[%emt 0:00:04]} 11. f3 {[%emt 0:00:03]} exf3 {[%emt 0:00:10]} 12. exf3 {[%emt 0:00:02]} Nbd7 {[%emt 0:00:01]} 13. Re1 {[%emt 0:00:02]} Ne5 {[%emt 0:00:02]} 14. b3 {[%emt 0:00:09]} Qd8 {[%emt 0:00:31]} 15. f4 {[%emt 0:00:07]} Nf7 {[%emt 0:00:04]} 16. Nf2 {[%emt 0:00:21]} Re8 {[%emt 0:00:02]} 17. Bb2 {[%emt 0:00:02]} Ng4 {[%emt 0:00:09]} 18. Nxg4 {[%emt 0:00:18]} fxg4 {[%emt 0:00:00]} 19. Qd3 {[%emt 0:00:03]} Bf6 {[%emt 0:00:06]} 20. Be4 {[%emt 0:00:23]} g6 {[%emt 0:00:16]} 21. Re2 {[%emt 0:00:23]} Nh6 {[%emt 0:00:11]} 22. Rae1 {[%emt 0:00:23]} Nf5 {[%emt 0:00:09]} 23. Nd1 {[%emt 0:00:36]} Bxb2 {[%emt 0:00:03]} 24. Nxb2 {[%emt 0:00:02]} Bd7 {[%emt 0:00:06]} 25. Bg2 {[%emt 0:00:24]} Qf6 {[%emt 0:00:10]} 26. Rxe8+ {[%emt 0:00:07]} Rxe8 {[%emt 0:00:00]} 27. Rxe8+ {[%emt 0:00:02]} Bxe8 {[%emt 0:00:00]} 28. Qd2 {[%emt 0:00:07]} Bd7 {[%emt 0:00:07]} 29. Nd1 {[%emt 0:00:08]} Nd4 {[%emt 0:00:01]} 30. Kf2 {[%emt 0:00:02]} Bf5 {[%emt 0:00:11]} 31. Ne3 {[%emt 0:00:01]} Bd7 {[%emt 0:00:04]} 32. Qd1 {[%emt 0:00:07]} h5 {[%emt 0:00:09]} 33. Qd3 {[%emt 0:00:06]} Kf7 {[%emt 0:00:06]} 34. Be4 {[%emt 0:00:02]} Kg7 {[%emt 0:00:06]} 35. Kg2 {[%emt 0:00:06]} Kf7 {[%emt 0:00:01]} 36. a3 {[%emt 0:00:07]} Kg7 {[%emt 0:00:03]} 37. b4 {[%emt 0:00:02]} b6 {[%emt 0:00:02]} 38. bxc5 {[%emt 0:00:02]} bxc5 {[%emt 0:00:00]} 39. Qc3 {[%emt 0:00:09]} Kf7 {[%emt 0:00:05]} 40. Qb2 {[%emt 0:00:03]} Qe7 {[%emt 0:00:04]} 41. Qb1 {[%emt 0:00:03]} Nf3 {[%emt 0:00:04] Zeit Zeit Zeit (Lag: Av=0.46s, max=0.9s) (Lag: Av=0.46s, max=0.9s) (Lag: Av=0.46s, max=0.9s)} 0-1

[Event "Stay Safe Play From Home 396"]
[Site "Emanuel Lasker Arena"]
[Date "2020.08.19"]
[Round "5"]
[White "Shakh"]
[Black "Kongle"]
[Result "0-1"]
[WhiteElo "1641"]
[BlackElo "1740"]
[Annotator "NA RC"]
[PlyCount "98"]
[EventDate "2020.08.19"]
[EventType "swiss (blitz)"]

1. d4 {[%emt 0:00:06]} Nf6 {[%emt 0:00:03]} 2. c4 {[%emt 0:00:02]} e6 {[%emt 0:00:02]} 3. g3 {[%emt 0:00:02]} d5 {[%emt 0:00:01]} 4. cxd5 {[%emt 0:00:02]} exd5 {[%emt 0:00:02]} 5. Bg2 {[%emt 0:00:01]} Bd6 {[%emt 0:00:02]} 6. Nc3 {[%emt 0:00:01]} c6 {[%emt 0:00:01]} 7. h4 {[%emt 0:00:02]} O-O {[%emt 0:00:01]} 8. Nh3 {[%emt 0:00:01]} h6 {[%emt 0:00:04]} 9. O-O {[%emt 0:00:01]} Re8 {[%emt 0:00:04]} 10. Bf4 {[%emt 0:00:02]} Bg4 {[%emt 0:00:06]} 11. Bxd6 {[%emt 0:00:02]} Qxd6 {[%emt 0:00:02]} 12. Nf4 {[%emt 0:00:01]} Nbd7 {[%emt 0:00:05]} 13. Qd3 {[%emt 0:00:05]} Nf8 {[%emt 0:00:12]} 14. e3 {[%emt 0:00:02]} Ne6 {[%emt 0:00:03]} 15. Nxe6 {[%emt 0:00:07]} Qxe6 {[%emt 0:00:05]} 16. Rac1 {[%emt 0:00:04]} Rac8 {[%emt 0:00:07]} 17. Na4 {[%emt 0:00:04]} b6 {[%emt 0:00:02]} 18. b3 {[%emt 0:00:06]} Bf5 {[%emt 0:00:05]} 19. Qd1 {[%emt 0:00:04]} Bg4 {[%emt 0:00:04]} 20. Qc2 {[%emt 0:00:03]} Bf5 {[%emt 0:00:03]} 21. Qb2 {[%emt 0:00:04]} Ne4 {[%emt 0:00:05]} 22. Nc3 {[%emt 0:00:04]} Nd6 {[%emt 0:00:02]} 23. Ne2 {[%emt 0:00:06]} g5 {[%emt 0:00:05]} 24. hxg5 {[%emt 0:00:02]} hxg5 {[%emt 0:00:01]} 25. Nc3 {[%emt 0:00:07]} Re7 {[%emt 0:00:03]} 26. Rfe1 {[%emt 0:00:09]} Qg6 {[%emt 0:00:02]} 27. Qa3 {[%emt 0:00:05]} Rd7 {[%emt 0:00:10]} 28. Qa6 {[%emt 0:00:23]} Rdc7 {[%emt 0:00:25]} 29. Qa3 {[%emt 0:00:08]} Kg7 {[%emt 0:00:16]} 30. Qb2 {[%emt 0:00:03]} Rh8 {[%emt 0:00:06]} 31. Nxd5 {[%emt 0:00:37]} Qh5 {[%emt 0:00:02]} 32. Nxc7 {[%emt 0:00:09]} Bd3 {[%emt 0:00:06]} 33. f3 {[%emt 0:00:05]} Nf5 {[%emt 0:00:14]} 34. d5+ {[%emt 0:00:04]} f6 {[%emt 0:00:02]} 35. Ne6+ {[%emt 0:00:03]} Kf7 {[%emt 0:00:01]} 36. Rxc6 {[%emt 0:00:09]} Qh2+ {[%emt 0:00:03]} 37. Kf2 {[%emt 0:00:02]} Qxg3+ {[%emt 0:00:02]} 38. Kg1 {[%emt 0:00:01]} Qh2+ {[%emt 0:00:13]} 39. Kf2 {[%emt 0:00:02]} Kg6 {[%emt 0:00:34]} 40. Nxg5 {[%emt 0:01:01]} Qg3+ {[%emt 0:00:12]} 41. Kg1 {[%emt 0:00:02]} Qxg5 {[%emt 0:00:03]} 42. e4 {[%emt 0:00:22]} Ne3 {[%emt 0:00:14]} 43. Rxf6+ {[%emt 0:00:10]} Qxf6 {[%emt 0:00:09]} 44. Qxf6+ {[%emt 0:00:01]} Kxf6 {[%emt 0:00:01]} 45. Rxe3 {[%emt 0:00:01]} Ba6 {[%emt 0:00:05]} 46. e5+ {[%emt 0:00:01]} Ke7 {[%emt 0:00:05]} 47. f4 {[%emt 0:00:01]} Bb7 {[%emt 0:00:04]} 48. d6+ {[%emt 0:00:01]} Ke6 {[%emt 0:00:04]} 49. Bxb7 {[%emt 0:00:00]} Rh4 {[%emt 0:00:01] TimeW TimeW TimeW} 0-1

[Event "Stay Safe Play From Home 396"]
[Site "Emanuel Lasker Arena"]
[Date "2020.08.19"]
[Round "5"]
[White "matematyk3"]
[Black "Erdema"]
[Result "0-1"]
[WhiteElo "1523"]
[BlackElo "1692"]
[Annotator "NA RC"]
[PlyCount "68"]
[EventDate "2020.08.19"]
[EventType "swiss (blitz)"]

1. c4 {[%emt 0:00:02]} e5 {[%emt 0:00:02]} 2. Nc3 {[%emt 0:00:02]} Nf6 {[%emt 0:00:00]} 3. e4 {[%emt 0:00:02]} h6 {[%emt 0:00:03]} 4. Nf3 {[%emt 0:00:00]} Nc6 {[%emt 0:00:02]} 5. d4 {[%emt 0:00:00]} exd4 {[%emt 0:00:02]} 6. Nxd4 {[%emt 0:00:00]} Nxd4 {[%emt 0:00:01]} 7. Qxd4 {[%emt 0:00:00]} d6 {[%emt 0:00:01]} 8. e5 {[%emt 0:00:02]} dxe5 {[%emt 0:00:02]} 9. Qxe5+ {[%emt 0:00:01]} Qe7 {[%emt 0:00:01]} 10. Qxe7+ {[%emt 0:00:01]} Bxe7 {[%emt 0:00:02]} 11. Bd3 {[%emt 0:00:00]} c6 {[%emt 0:00:01]} 12. O-O {[%emt 0:00:00]} O-O {[%emt 0:00:04]} 13. Re1 {[%emt 0:00:01]} Bd6 {[%emt 0:00:04]} 14. Bd2 {[%emt 0:00:05]} Ng4 {[%emt 0:00:02]} 15. h3 {[%emt 0:00:10]} Ne5 {[%emt 0:00:02]} 16. Bf1 {[%emt 0:00:07]} Bxh3 {[%emt 0:00:23]} 17. gxh3 {[%emt 0:00:20]} Nf3+ {[%emt 0:00:03]} 18. Kg2 {[%emt 0:00:01]} Nxe1+ {[%emt 0:00:09]} 19. Rxe1 {[%emt 0:00:00]} Rfe8 {[%emt 0:00:03]} 20. Ne4 {[%emt 0:00:03]} Be5 {[%emt 0:00:08]} 21. Bc3 {[%emt 0:00:02]} Bxc3 {[%emt 0:00:02]} 22. bxc3 {[%emt 0:00:03]} f5 {[%emt 0:00:02]} 23. Bd3 {[%emt 0:00:41]} fxe4 {[%emt 0:00:03]} 24. Rxe4 {[%emt 0:00:03]} Rxe4 {[%emt 0:00:02]} 25. Bxe4 {[%emt 0:00:00]} Kf7 {[%emt 0:00:02]} 26. c5 {[%emt 0:00:03]} Kf6 {[%emt 0:00:01]} 27. f4 {[%emt 0:00:01]} g5 {[%emt 0:00:02]} 28. fxg5+ {[%emt 0:00:02]} hxg5 {[%emt 0:00:02]} 29. Kf3 {[%emt 0:00:01]} Re8 {[%emt 0:00:03]} 30. Bc2 {[%emt 0:00:09]} Re5 {[%emt 0:00:02]} 31. c4 {[%emt 0:00:10]} Rxc5 {[%emt 0:00:02]} 32. Bb3 {[%emt 0:00:00]} a5 {[%emt 0:00:02]} 33. Kg4 {[%emt 0:00:37]} a4 {[%emt 0:00:03]} 34. Bxa4 {[%emt 0:00:06]} Rxc4+ {[%emt 0:00:01] matematyk3 poddaje się matematyk3 poddaje się matematyk3 poddaje się (Lag: Av=0.72s, max=1.1s) (Lag: Av=0.72s, max=1.1s) (Lag: Av=0.72s, max=1.1s)} 0-1

[Event "Stay Safe Play From Home 396"]
[Site "Emanuel Lasker Arena"]
[Date "2020.08.19"]
[Round "6"]
[White "Greblah"]
[Black "matematyk3"]
[Result "1/2-1/2"]
[WhiteElo "1936"]
[BlackElo "1513"]
[Annotator "TA"]
[PlyCount "148"]
[EventDate "2020.08.19"]
[EventType "swiss (blitz)"]

{[%evp 9,148,22,22,10,12,-6,0,0,4,3,54,28,48,41,47,39,56,45,41,32,31,-3,54,50,48,55,138,138,454,270,257,220,29990,828,821,821,820,820,916,904,833,369,1158,375,391,391,380,385,450,439,668,671,1712,1408,1619,1337,998,854,770,769,937,861,845,829,29978,29940,12829,5081,6508,8693,29961,29960,29954,29961,29970,29965,29969,29966,29975,29977,29977,29978,29978,29977,29977,29978,29978,29979,29978,29979,29980,29981,29981,29982,29982,29983,29983,29984,29980,29981,29983,29981,29983,29984,29984,29985,29988,29989,29989,29989,29990,29991,29992,29993,29996,29994,29995,29995,29996,29995,29997,29995,29995,29994,29996,29994,29994,29994,29995,29996,29996,29996,29996,29995,29995,29995,29995,29996,29996,8,8]} 1. e4 c5 2. Nc3 Nc6 3. g3 e5 4. Bg2 d6 5. d3 Nf6 6. Be3 {B24: Closed Sicilian: 3 g3 sidelines.} Be7 7. h3 O-O 8. Nge2 h6 9. O-O {[#]} Nh7 $146 (9... Rb8 $11) ({Predecessor:} 9... Rb8 10. a4 a6 11. f4 b5 12. axb5 axb5 13. Qd2 b4 14. Nd1 Nd4 15. f5 d5 16. Nxd4 cxd4 17. Bxh6 gxh6 18. Qxh6 {0-1 (34) Rian,M (2000)-Rian,S (2101) Tiznit 2019}) 10. f4 exf4 11. Nxf4 Bg5 12. Ncd5 $36 {[%mdl 2048] White fights for an advantage.} Bxf4 13. Rxf4 (13. Nxf4 {looks sharper.} Bd7 14. Rf2 Ne5 15. c3 Re8 16. Qe2) 13... Ne7 14. Nxe7+ Qxe7 15. Qf1 f5 ({Better is} 15... d5 $11) 16. Re1 $14 {[%cal Re4f5]} fxe4 $1 17. Bxe4 Rxf4 (17... Be6 $14) 18. Bxf4 $16 ({Of course not} 18. Qxf4 $6 Ng5 $11) 18... Qd7 $2 {[%mdl 8192]} (18... Be6 $16 {is a better chance.} 19. Qg2 Nf8 20. Bxb7 Rd8) 19. Bd5+ (19. Bg6 $142) 19... Kh8 $18 20. Qe2 {aiming for Qe8+.} g5 $2 (20... Nf6 $18) 21. Qe8+ (21. Bd2 $142 Kg7 22. Qh5 Nf6 {[#]} 23. Bc3 $1 {[%mdl 512]} Kh7 24. Bxf6 g4 25. Bg8+ $1 {[%mdl 576] Deflection, Decoy} Kxg8 26. Qg6+ Kf8 27. Re8+ $1 {[%mdl 576] Deflection} Qxe8 28. Qg7#) 21... Qxe8 22. Rxe8+ Kg7 23. Bxd6 Nf6 24. Re7+ {[%mdl 64] Double Attack} Kg6 25. Bxb7 (25. Bf7+ $142 Kg7 26. Be5) 25... Rb8 $2 (25... Bxb7 26. Rxb7 c4 27. dxc4 Ne4) 26. Bxc8 $2 (26. Bxb8 Bxb7 27. Rxb7) 26... Rxc8 27. Rc7 Rxc7 28. Bxc7 {[%mdl 4096] Endgame KB-KN} Nd5 29. Bb8 Nb4 (29... a5 $142 30. a4 Kf5) 30. Bxa7 Nxc2 31. Bxc5 Ne1 32. Kf1 Nxd3 33. Bd4 Kf5 34. a4 Ke4 35. Bg7 h5 36. a5 {Threatens to win with a6.} Nxb2 37. a6 Nc4 38. a7 (38. Kf2 $142 g4 39. a7) 38... Nb6 39. Kg2 Kf5 40. Bd4 Na8 41. Kf3 Nc7 42. Bb6 Na8 43. Bd8 g4+ 44. hxg4+ hxg4+ 45. Ke3 Ke5 46. Kd3 Kd5 47. Ba5 Kc6 48. Ke3 Kb5 49. Bd8 Ka6 50. Kf4 Kxa7 51. Kxg4 Kb7 52. Kf5 Kc8 53. Ba5 Kd7 54. Kg6 Ke7 55. Kg7 Ke6 56. g4 Ke5 57. g5 Kf5 58. g6 Ke6 59. Kh7 Kf6 60. g7 Kf5 61. g8=Q Kf6 62. Qxa8 Ke6 63. Qf3 Ke5 64. Kg6 Ke6 65. Qf4 Kd5 66. Bd2 Ke6 67. Kg7 Kd5 68. Bc3 Ke6 69. Qd4 Kf5 70. Qe5+ Kg4 71. Kg6 Kf3 72. Qd4 Kg3 73. Kg5 Kf3 74. Qe3+ $2 (74. Kh4 {mates} Kg2 75. Qe3 Kh2 76. Qh3+ Kg1 77. Bd4#) 74... Kxe3 {Accuracy: White = 73%, Black = 54%.} 1/2-1/2

[Event "Stay Safe Play From Home 396"]
[Site "Emanuel Lasker Arena"]
[Date "2020.08.19"]
[Round "6"]
[White "Johni"]
[Black "Shakh"]
[Result "1-0"]
[WhiteElo "1778"]
[BlackElo "1628"]
[Annotator "NA RC"]
[PlyCount "69"]
[EventDate "2020.08.19"]
[EventType "swiss (blitz)"]

1. e4 {[%emt 0:00:02]} c5 {[%emt 0:00:03]} 2. c3 {[%emt 0:00:01]} d6 {[%emt 0:00:01]} 3. d4 {[%emt 0:00:01]} cxd4 {[%emt 0:00:01]} 4. cxd4 {[%emt 0:00:01]} Nf6 {[%emt 0:00:01]} 5. Nc3 {[%emt 0:00:01]} g6 {[%emt 0:00:01]} 6. Nf3 {[%emt 0:00:03]} Bg7 {[%emt 0:00:01]} 7. Bd3 {[%emt 0:00:02]} O-O {[%emt 0:00:01]} 8. h3 {[%emt 0:00:01]} a6 {[%emt 0:00:01]} 9. O-O {[%emt 0:00:02]} b5 {[%emt 0:00:01]} 10. Be3 {[%emt 0:00:02]} Bb7 {[%emt 0:00:01]} 11. a3 {[%emt 0:00:04]} Nbd7 {[%emt 0:00:01]} 12. Rc1 {[%emt 0:00:04]} Rc8 {[%emt 0:00:01]} 13. b4 {[%emt 0:00:09]} Nb6 {[%emt 0:00:02]} 14. Nd2 {[%emt 0:00:09]} e6 {[%emt 0:00:05]} 15. Qb3 {[%emt 0:00:02]} d5 {[%emt 0:00:02]} 16. e5 {[%emt 0:00:02]} Nfd7 {[%emt 0:00:01]} 17. a4 {[%emt 0:00:11]} Nc4 {[%emt 0:00:01]} 18. axb5 {[%emt 0:00:09]} axb5 {[%emt 0:00:10]} 19. Nxb5 {[%emt 0:00:05]} Qb6 {[%emt 0:00:02]} 20. Nxc4 {[%emt 0:00:20]} dxc4 {[%emt 0:00:03]} 21. Bxc4 {[%emt 0:00:01]} Qc6 {[%emt 0:00:37]} 22. f3 {[%emt 0:00:31]} Qb6 {[%emt 0:00:02]} 23. Nd6 {[%emt 0:00:14]} Rb8 {[%emt 0:00:25]} 24. b5 {[%emt 0:00:22]} Qd8 {[%emt 0:00:35]} 25. f4 {[%emt 0:00:10]} Nb6 {[%emt 0:00:02]} 26. Bxe6 {[%emt 0:00:17]} fxe6 {[%emt 0:00:10]} 27. Qxe6+ {[%emt 0:00:01]} Kh8 {[%emt 0:00:02]} 28. Nf7+ {[%emt 0:00:03]} Rxf7 {[%emt 0:00:01]} 29. Qxf7 {[%emt 0:00:01]} Nd5 {[%emt 0:00:10]} 30. Bf2 {[%emt 0:00:19]} Bc8 {[%emt 0:00:25]} 31. Rc5 {[%emt 0:00:12]} Ne7 {[%emt 0:00:18]} 32. Rfc1 {[%emt 0:00:19]} Bd7 {[%emt 0:00:30]} 33. Rc7 {[%emt 0:00:12]} Rxb5 {[%emt 0:00:23]} 34. e6 {[%emt 0:00:01]} Rf5 {[%emt 0:00:24]} 35. Rxd7 {[%emt 0:00:07] TimeB TimeB TimeB} 1-0

[Event "Stay Safe Play From Home 396"]
[Site "Emanuel Lasker Arena"]
[Date "2020.08.19"]
[Round "6"]
[White "Tunca"]
[Black "Andy416"]
[Result "0-1"]
[WhiteElo "1766"]
[BlackElo "2039"]
[Annotator "NA RC"]
[PlyCount "38"]
[EventDate "2020.08.19"]
[EventType "swiss (blitz)"]

1. e4 {[%emt 0:00:06]} e5 {[%emt 0:00:04]} 2. f4 {[%emt 0:00:02]} exf4 {[%emt 0:00:06]} 3. Nf3 {[%emt 0:00:05]} Be7 {[%emt 0:00:01]} 4. Bc4 {[%emt 0:00:13]} Nf6 {[%emt 0:00:06]} 5. O-O {[%emt 0:00:46]} Nxe4 {[%emt 0:00:05]} 6. Re1 {[%emt 0:00:00]} d5 {[%emt 0:00:06]} 7. Bb3 {[%emt 0:00:01]} Qd6 {[%emt 0:00:03]} 8. d3 {[%emt 0:00:01]} Nf6 {[%emt 0:00:04]} 9. Nc3 {[%emt 0:00:12]} O-O {[%emt 0:00:01]} 10. Kh1 {[%emt 0:00:01]} Nc6 {[%emt 0:00:04]} 11. Nb5 {[%emt 0:00:10]} Qc5 {[%emt 0:00:07]} 12. Nxc7 {[%emt 0:00:31]} Ng4 {[%emt 0:00:09]} 13. d4 {[%emt 0:00:29]} Qa5 {[%emt 0:00:09]} 14. Rf1 {[%emt 0:00:48]} Qxc7 {[%emt 0:00:05]} 15. c3 {[%emt 0:00:00]} Nf6 {[%emt 0:00:07]} 16. Ng5 {[%emt 0:00:04]} Bd6 {[%emt 0:00:11]} 17. Qe1 {[%emt 0:00:20]} h6 {[%emt 0:00:05]} 18. Nf3 {[%emt 0:00:06]} Bf5 {[%emt 0:00:06]} 19. Qh4 {[%emt 0:00:10]} Bd3 {[%emt 0:00:15] Tunca resigns Tunca resigns Tunca resigns (Lag: Av=0.62s, max=0.7s) (Lag: Av=0.62s, max=0.7s) (Lag: Av=0.62s, max=0.7s)} 0-1

[Event "Stay Safe Play From Home 396"]
[Site "Emanuel Lasker Arena"]
[Date "2020.08.19"]
[Round "6"]
[White "Dukic"]
[Black "Haris kollari 13"]
[Result "0-1"]
[WhiteElo "1716"]
[BlackElo "1916"]
[Annotator "NA RC"]
[PlyCount "22"]
[EventDate "2020.08.19"]
[EventType "swiss (blitz)"]

1. c4 {[%emt 0:00:04]} g6 {[%emt 0:00:09]} 2. Nc3 {[%emt 0:00:01]} Bg7 {[%emt 0:00:01]} 3. d4 {[%emt 0:00:01]} Nf6 {[%emt 0:00:02]} 4. Nf3 {[%emt 0:00:01]} d6 {[%emt 0:00:02]} 5. g3 {[%emt 0:00:01]} c6 {[%emt 0:00:01]} 6. Bg2 {[%emt 0:00:01]} Na6 {[%emt 0:00:01]} 7. d5 {[%emt 0:00:01]} c5 {[%emt 0:00:01]} 8. O-O {[%emt 0:00:03]} Bg4 {[%emt 0:00:03]} 9. Nd2 {[%emt 0:00:02]} Qc8 {[%emt 0:00:03]} 10. Re1 {[%emt 0:00:01]} h5 {[%emt 0:00:02]} 11. e4 {[%emt 0:00:21]} Bxd1 {[%emt 0:00:11] Dukic gibt auf Dukic gibt auf Dukic gibt auf (Lag: Av=0.43s, max=0.8s) (Lag: Av=0.43s, max=0.8s) (Lag: Av=0.43s, max=0.8s)} 0-1

[Event "Stay Safe Play From Home 396"]
[Site "Emanuel Lasker Arena"]
[Date "2020.08.19"]
[Round "6"]
[White "Erdema"]
[Black "Mepe_Nika"]
[Result "0-1"]
[WhiteElo "1702"]
[BlackElo "2371"]
[Annotator "TA"]
[PlyCount "112"]
[EventDate "2020.08.19"]
[EventType "swiss (blitz)"]

{[%evp 17,112,-8,12,-31,0,-154,-145,-157,-154,-154,-139,-190,-139,-158,-135,-150,-92,-93,-97,-119,-110,-112,-66,-73,-74,-109,-115,-237,-251,-244,-244,-244,-257,-308,-325,-320,-293,-304,-241,-289,-222,-341,-336,-321,-234,-352,-327,-549,-518,-537,-541,-576,-514,-594,-593,-720,-685,-1122,-862,-5452,-5452,-2873,-1467,-5261,-3484,-12594,-6930,-9994,-4702,-29966,-29971,-29970,-29972,-29977,-29978,-29981,-29982,-29985,-29986,-29986,-29987,-29987,-29988,-29987,-29988,-29992,-29993,-29994,-29995,-29995,-29996,-29996,-29997,-29997,-29998,-29998,-29999]} 1. e4 c6 2. d4 d5 3. exd5 cxd5 4. Bd3 Nc6 {[%cal Bb8c6,Bc6e5,Be5d3][%mdl 32]} 5. c3 Nf6 6. h3 e5 7. dxe5 Nxe5 8. Qe2 Qe7 9. Bb5+ {9.Bc2 is more advanced technology.} Bd7 10. Bxd7+ {B13: Caro-Kann: Exchange Variation and Panov-Botvinnik Attack.} Nfxd7 11. f4 $2 ({White should play} 11. Nd2 $11) 11... Nd3+ $1 $17 {[%mdl 64] [#] Double Attack} 12. Kd2 {Black is clearly better.} Nxf4 13. Qxe7+ Bxe7 {[#]} 14. Nf3 $146 (14. g3 $17 {was worth a try.} Nh5 15. Ne2) ({Predecessor:} 14. g3 Ne6 15. Ne2 O-O 16. Kc2 Rac8 17. Be3 Rfe8 18. Rd1 Nc7 19. Bf4 Bc5 20. Nd4 {0-1 (56) Metschan,H (1875)-Krueger,E (2155) Germany 1998}) 14... O-O (14... Nxg2 $19 15. Rg1 Nf4) 15. g3 Ng6 16. Kc2 Nde5 ({Better is} 16... Bd6 17. Rd1 Bxg3 18. Rxd5 Nb6) 17. Nxe5 Nxe5 18. Re1 f6 19. Bf4 Bd6 (19... Nc6 {is more complex.} 20. g4 d4 21. Nd2 Kf7 22. Rad1 Rfd8) 20. Nd2 Rfe8 $36 {[%mdl 2048] Black is on the roll.} 21. Bxe5 fxe5 22. Nf3 {This move loses the game for White.} (22. Rad1 $17) 22... e4 $19 {[%mdl 64] Discovered Attack} 23. Nd4 Bxg3 24. Rg1 Bf2 25. Rgf1 Bxd4 26. cxd4 {[%mdl 4096] Endgame KRR-KRR} Rf8 27. Kd2 Rac8 28. Rxf8+ Kxf8 {KR-KR} 29. Rf1+ (29. h4 $142) 29... Ke7 30. Rf5 Kd6 31. Rf7 (31. h4 $142) 31... Rc7 32. Rf5 $2 (32. Rf2 {keeps fighting.}) 32... Rc4 33. Ke3 Rc2 34. Rf7 Rxb2 35. Rxg7 Rxa2 36. Rxb7 Ra3+ 37. Ke2 Rxh3 38. Rxa7 Rd3 39. Ra6+ Kc7 40. Ra7+ {[#]} Kb6 $1 41. Rxh7 Rxd4 42. Rh5 Kc5 43. Ke3 Rd3+ {Black mates.} 44. Ke2 Kd4 45. Rg5 Ra3 46. Rg8 Ra2+ 47. Kd1 Kd3 {[%cal Ra2a1]} 48. Rg3+ e3 {[%cal Ra2a1]} 49. Kc1 d4 50. Kb1 Rf2 51. Rg1 e2 52. Kc1 Rf1+ 53. Rxf1 exf1=Q+ 54. Kb2 Qd1 55. Ka3 Kc3 {[%csl Gc3][%cal Rd1b3]} 56. Ka2 Qe1 {Accuracy: White = 39%, Black = 86%.} 0-1

[Event "Stay Safe Play From Home 396"]
[Site "Emanuel Lasker Arena"]
[Date "2020.08.19"]
[Round "7"]
[White "Andy416"]
[Black "Dukic"]
[Result "1-0"]
[WhiteElo "2045"]
[BlackElo "1708"]
[Annotator "NA RC"]
[PlyCount "41"]
[EventDate "2020.08.19"]
[EventType "swiss (blitz)"]

1. e4 {[%emt 0:00:07]} c6 {[%emt 0:00:00]} 2. d4 {[%emt 0:00:04]} d6 {[%emt 0:00:00]} 3. Nf3 {[%emt 0:00:05]} Bg4 {[%emt 0:00:03]} 4. Be3 {[%emt 0:00:06]} Nd7 {[%emt 0:00:01]} 5. Nc3 {[%emt 0:00:03]} e5 {[%emt 0:00:02]} 6. h3 {[%emt 0:00:04]} Bh5 {[%emt 0:00:02]} 7. g4 {[%emt 0:00:01]} Bg6 {[%emt 0:00:02]} 8. dxe5 {[%emt 0:00:01]} dxe5 {[%emt 0:00:02]} 9. Qd3 {[%emt 0:00:01]} Be7 {[%emt 0:00:28]} 10. O-O-O {[%emt 0:00:04]} Qc7 {[%emt 0:00:06]} 11. h4 {[%emt 0:00:04]} h6 {[%emt 0:00:07]} 12. h5 {[%emt 0:00:01]} Bh7 {[%emt 0:00:02]} 13. g5 {[%emt 0:00:01]} hxg5 {[%emt 0:00:22]} 14. Nxg5 {[%emt 0:00:04]} Bxg5 {[%emt 0:00:28]} 15. Bxg5 {[%emt 0:00:00]} f6 {[%emt 0:00:14]} 16. h6 {[%emt 0:00:05]} g6 {[%emt 0:00:16]} 17. Bh3 {[%emt 0:00:08]} Rd8 {[%emt 0:00:25]} 18. Be3 {[%emt 0:00:41]} b6 {[%emt 0:00:07]} 19. Qc4 {[%emt 0:00:07]} Ne7 {[%emt 0:00:46]} 20. Nb5 {[%emt 0:00:07]} Qb7 {[%emt 0:00:07]} 21. Nd6+ {[%emt 0:00:07] Dukic gibt auf Dukic gibt auf Dukic gibt auf} 1-0